| 000 | 01094 a2200217 4500 | ||
|---|---|---|---|
| 999 |
_c234480 _d234480 |
||
| 003 | Nust | ||
| 005 | 20170321125615.0 | ||
| 008 | 170321b xxu||||| |||| 00| 0 eng d | ||
| 020 | _a9780195798012 | ||
| 040 | _c0 | ||
| 082 | _a327.549 AMI | ||
| 100 | _aAmin, Shahid M. | ||
| 245 |
_aPakistan's foreign policy : _ba reappraisal / _cShahid M. Amin. |
||
| 260 |
_aOxford ; _aNew York : _bOxford University Press, _c2000. |
||
| 300 |
_a327 p. ; _c23 cm. |
||
| 500 | _aP.B | ||
| 650 | _aForeign Policy | ||
| 942 |
_2ddc _cBK _k327.549 AMI |
||